Welcome to the Holygrace Academy Library

Please use search bar below to get started

IMPORTANT DAYS (Record no. 6643)

MARC details
000 -LEADER
fixed length control field 00197nam a22000977a 4500
082 ## - DEWEY DECIMAL CLASSIFICATION NUMBER
Classification number 001
Item number JOS/I
245 ## - TITLE STATEMENT
Title IMPORTANT DAYS
260 ## - PUBLICATION, DISTRIBUTION, ETC. (IMPRINT)
Place of publication CHERTHALA
Name of publisher SHARON BOOKS
650 ## - SUBJECT ADDED ENTRY--TOPICAL TERM
Topical Term GK
Geographic subdivision KERALA
942 ## - ADDED ENTRY ELEMENTS (KOHA)
Koha item type Books
Holdings
Withdrawn status Lost status Collection code Home library Current library Shelving location Date acquired Source of acquisition Full call number Accession Number Koha item type
    G.K Main Library Main Library SHELF-17B-- G.K RELATED QUIZ BOOK 17/05/2011 PURCHASE 001 JOS/I 03475 Books